Moravcovej motýlik má srieborné krídla v nedeľu ďalšie tri svetové rekordy v plaveckom bazéne

Bibliographic Details
Format: Article
Language:Slovak
PhysicalDescription:Fotogr.
Subjects:

MARC

LEADER 00000nab a2200000 a 4500
001 vtls000732720
003 SK-MaSNL
005 20260302193001.0
008 180205c2000 xo 0 slo
015 |a SNBRB2000/09-23895 
035 |a CLN000084831 
040 |a SNKBUCL  |b slo  |c SNKBUCL  |e AACR2 
041 0 |a slo 
044 |a xo  |c SK 
080 |a 797.212.032.2(100)  |2 UDC-MRF-SK2 
245 0 0 |a Moravcovej motýlik má srieborné krídla  |b v nedeľu ďalšie tri svetové rekordy v plaveckom bazéne 
300 |b Fotogr. 
611 1 7 |a Letné olympijské hry  |n (27. : 2000 :  |c Sydney, Nový Južný Wales)  |2 snkbucl  |9 362830 
650 0 7 |a plávanie  |2 snkbucl  |9 3241 
655 7 |a články z novín a časopisov  |2 snkbucl  |9 267496 
773 0 |t Šport  |g Roč. 54, č. 214 (18.9.2000), s. 20 
850 |a Slovenská národná knižnica v Martine 
852 |a SNK  |b KIS3GCP 
958 |a RBX 
999 |c 1442813  |d 1444743